=LDR 00000nam 2200000 4500 =001 $a INLIS000000000008399 =005 $a 20260604110510 =008 $a 260604################g##########0#ind## =022 ##$$a - =035 ##$$a 0010-0626000026 =082 ##$$a 363 =084 ##$$a 363 SAH k =100 1#$$a Sahetapy, J.E. =245 ##$$a Kapita Selekta Kriminologi $b - $c J.E. Sahetapy =246 ##$$a =260 ##$$a Bandung $b Alumni $c 1979 =300 ##$$a 194 hlm. $b $c 21 cm. $d =336 ##$$a =337 ##$$a =338 ##$$a =520 #$$a =650 #$$a Kriminologi =700 #$$a =740 ##$$a =856 ##$$a =Wor $a 1